The autobiography of Mark Rutherford [pseud.] dissenting minister /

Bibliographic Details
Main Author: White, William Hale, 1831-1913
Format: Book
Language:English
Published: London : Milford, Oxford University Press, 1936.

MARC

Tag First Indicator Second Indicator Subfields
LEADER 00000cam a2200000 4500
001 in00000027749
005 20151007062722.0
008 780309s1936 enkc 00011 engm
010 |a  37003826  
035 |a (OCoLC)03701395 
035 |9 AAD5640AM 
040 |a DLC  |c NRC  |d NRC  |d TXA  |d UtOrBLW 
049 |a TXAM  |c [220450] 
050 0 0 |a PZ3.W5862  |b A13 
092 |a 823  |b W589a, 1936 
100 1 |a White, William Hale,  |d 1831-1913. 
245 1 4 |a The autobiography of Mark Rutherford [pseud.] dissenting minister /  |c edited by his friend Reuben Shapcott [pseudonym] with a memorial introduction by H. W. Massingham. 
264 1 |a London :  |b Milford, Oxford University Press,  |c 1936. 
300 |a xxxvi, 2 unnumbered pages, 166 pages, 1 :  |b frontispiece, portrait ;  |c 19 cm. 
336 |a text  |b txt  |2 rdacontent 
337 |a unmediated  |b n  |2 rdamedia 
338 |a volume  |b nc  |2 rdacarrier 
999 |a MARS 
999 f f |s 276ea081-faa8-3813-b4c1-0197cbd82329  |i 41750078-85c3-3ad4-8629-7a93f8acb51b  |t 0 
952 f f |p ric  |a Texas A&M University  |b Rellis Campus  |c Joint Library Facility  |d Remote Storage  |t 0  |e PZ3.W5862 A13  |h Library of Congress classification  |i unmediated -- volume  |m A14801333966 
998 f f |a PZ3.W5862 A13  |t 0  |l Remote Storage